5HLuxD.jpg

KING HENRY VIII SENIOR AND PRIMARY SCHOOL LIBRARY OPAC

Chaos : (Record no. 224)

000 -LEADER
fixed length control field 00892cam a2200301 a 4500
001 - CONTROL NUMBER
control field 223803564
003 - CONTROL NUMBER IDENTIFIER
control field OCoLC
005 - DATE AND TIME OF LATEST TRANSACTION
control field 20190801151331.0
008 - FIXED-LENGTH DATA ELEMENTS--GENERAL INFORMATION
fixed length control field 090206s2008 nyua b 001 0 eng
010 ## - LIBRARY OF CONGRESS CONTROL NUMBER
LC control number 2009285057
020 ## - INTERNATIONAL STANDARD BOOK NUMBER
International Standard Book Number 9780143113454 (pbk.)
020 ## - INTERNATIONAL STANDARD BOOK NUMBER
International Standard Book Number 0143113453 (pbk.)
035 ## - SYSTEM CONTROL NUMBER
System control number (OCoLC)223803564
040 ## - CATALOGING SOURCE
Original cataloging agency DLC
Transcribing agency DLC
Modifying agency BTCTA
-- BAKER
-- YDXCP
-- OMP
-- BWX
-- BNY
082 00 - DEWEY DECIMAL CLASSIFICATION NUMBER
Classification number 003 GLE
Edition number 22
091 ## - MICROFILM SHELF LOCATION (AM) [OBSOLETE]
Microfilm shelf location 003.857
100 1# - MAIN ENTRY--PERSONAL NAME
Personal name Gleick, James.
Relator term author
245 10 - TITLE STATEMENT
Title Chaos :
Remainder of title making a new science /
Statement of responsibility, etc. James Gleick.
250 ## - EDITION STATEMENT
Edition statement 20th anniversary ed.
260 ## - PUBLICATION, DISTRIBUTION, ETC.
Place of publication, distribution, etc. New York, N.Y. :
Name of publisher, distributor, etc. Penguin Books,
Date of publication, distribution, etc. c2008.
300 ## - PHYSICAL DESCRIPTION
Extent xiii, 360 p. :
Other physical details ill. (some col.) ;
Dimensions 24 cm.
504 ## - BIBLIOGRAPHY, ETC. NOTE
Bibliography, etc. note Includes bibliographical references (p. 325-347) and index.
650 #0 - SUBJECT ADDED ENTRY--TOPICAL TERM
Topical term or geographic name entry element Chaotic behavior in systems.
901 ## - LOCAL DATA ELEMENT A, LDA (RLIN)
a lis
908 00 - PUT COMMAND PARAMETER (RLIN)
Put command parameter Q172.5.C45
942 ## - ADDED ENTRY ELEMENTS (KOHA)
Source of classification or shelving scheme
Koha item type Books - Non Ficton
Holdings
Withdrawn status Lost status Source of classification or shelving scheme Damaged status Not for loan Collection code Permanent Location Current Location Shelving location Date acquired Total Checkouts Full call number Barcode Date last seen Date last checked out Price effective from Koha item type
          Non-Fiction KH8 Senior School Library KH8 Senior School Library Non Fiction 2019-08-01 1 003 GLE 3KHSL000101014 2019-10-21 2019-10-14 2019-08-01 Books - Non Ficton

Powered By KH8 IT Dept